| 000 | 00818nam a2200229 a 4500 | ||
|---|---|---|---|
| 005 | 20230218063604.0 | ||
| 008 | 020225s1996 r 000 0 eng d | ||
| 020 | _a9800109366 (Monte Avila) | ||
| 020 | _a980639710X (Fundación Polar) | ||
| 020 | _a9800009248 (Univ. Central de Venezuela) | ||
| 035 | _aUPN01000116396 | ||
| 049 | _aCG | ||
| 050 | 4 |
_aHN110.5 _bC8.4 |
|
| 245 | 0 | 3 |
_aLa cuestion de los barrios : _bhomenaje a Paul-Henry Chombart de Lauwe / _ccomp. Teolinda Bolívar. |
| 260 |
_aCaracas : _bMonte Avila : _bFundación Polar : _bUniversidad Central de Venezuela, _c1996. |
||
| 300 | _a491 p. | ||
| 440 | 0 | _aPerspectiva actual | |
| 650 | 4 |
_aDesarrollo de la comunidad _zAmérica Latina _99266 |
|
| 650 | 2 |
_aCiudadanía _zAmérica Latina _910627 |
|
| 700 | 1 |
_aBolívar, Teolinda, _ecomp. |
|
| 905 | _aLibro | ||
| 999 |
_c89143 _d89143 |
||